00797nac a22002171u 4500010001600000020001500016082001500031090001500046100003400061245010000095250001200195260003900207300004000246504006500286650001600351650002700367650003900394942001700433999001500450952011400465 a 93027073 a020515336400a658bC3372 c3933d3933 aCerto, Samuel C. 10aModern management :bdiversity, quality, ethics, and the global environment /cSamuel C. Certo. a6th ed. aBoston :bAllyn and Bacon,cc1994. axxxv, 699 p. :bcol. ill. ;c29 cm. aIncludes bibliograhical references (p. 669-680) and indexes. 0aManagement. 0aIndustrial management. 0aSocial responsibility of business. cBBk658C3372 c3933d3933 00104070aMAINbMAINc1STd2007-08-07ePurchasel2o658 CERp000005007r2025-07-15 00:00:00s2016-02-20yBB